[Event "POL-chT Ekstraliga 2018"]
[Site "Gorzow"]
[Date "2018.06.10"]
[Round "3"]
[White "Navara, David"]
[Black "Piesik, Piotr"]
[Result "1-0"]
[WhiteElo "2727"]
[BlackElo "2353"]
[Annotator "TA"]
[PlyCount "59"]
[EventDate "2018.06.08"]
[EventType "team-tourn"]
[EventCountry "POL"]
[SourceTitle "playchess.com"]
[Source "ChessBase"]
[SourceQuality "1"]

{[%evp 26,59,52,51,89,70,110,110,111,84,97,0,0,0,8,5,5,14,7,0,87,80,158,0,437,450,848,846,839,843,822,805,1369,1565,5645,4998]} 1. e4 e6 2. d4 d5 3. Nd2 Nf6 4. e5 Nfd7 5. c3 c5 6. Bd3 Nc6 7. Ne2 cxd4 8. cxd4 f6 9. exf6 Nxf6 10. Nf3 Bd6 11. O-O O-O 12. Bf4 Bxf4 13. Nxf4 Qd6 14. g3 Qb4 {C06: French Tarrasch: 3...Nf6 4 e5 Nfd7 5 Bd3 main lines} (14... e5 15. dxe5 Nxe5 16. Nxe5 Qxe5 17. Qb3 Bd7 18. Rad1 Kh8 19. Rfe1 Qd6 20. Bf1 Qc5 21. Rc1 Qa5 22. Bg2 Bc6 {½-½ (46) Goh,W (2472)-Medina,W (2380) Surakarta 2018}) 15. Rb1 Kh8 16. a3 $146 ({Predecessor:} 16. Ng5 Nxd4 17. Bxh7 Nxh7 18. Qh5 Nf3+ 19. Nxf3 Kg8 20. Rfe1 Rf5 21. Qe8+ Rf8 22. Qg6 {1-0 (38) Gumula,D (2287)-Bugalski,M (2204) Polanica Zdroj 2005}) 16... Qb6 {White is better.} 17. Ng5 {[#] And now Nxh7! would win.} e5 18. Nxh7 (18. dxe5 $16 Nxe5 19. Qe2 Nxd3 20. Qxd3) 18... Nxh7 $11 19. Qh5 {[%csl Gd3][%cal Rh5h7]} e4 20. Ng6+ Kg8 21. Qxd5+ $40 {[%mdl 128] White attacks.} (21. Nxf8 $2 Nf6 $19) 21... Rf7 22. Bc4 {[%csl Gc4][%cal Rd5f7]} Qc7 (22... Nd8 $1 $11 {keeps the balance.} 23. Ne7+ (23. Qxe4 Be6 $11) 23... Kf8 24. Qxe4 (24. Ng6+ Kg8 $16) 24... Rxe7 25. Qxh7 Nf7) 23. Qxe4 {Black must now prevent Qe8+.} Bh3 {[#]} ({Better is} 23... Ng5 24. Qe8+ Kh7) 24. Rfe1 $2 (24. Rfd1 $1 $16) 24... Nf8 $2 {[%mdl 8192]} (24... Ng5 $11 {and Black stays safe.} 25. Qe3 Nxd4 26. Ne7+ Kf8 27. Ng6+ Kg8 28. Ne7+ Kf8 29. Ng6+ Kg8) 25. Nf4 $18 {White is clearly winning.} Qd7 (25... Bc8 $142 26. Rbc1 (26. Bxf7+ Qxf7 27. Qe3 Bf5 $16) 26... Qd7) 26. Nxh3 Qxh3 27. Bxf7+ Kxf7 28. d5 Nd8 29. Qf3+ Kg8 30. Re8 {Precision: White = 63%, Black = 19%.} 1-0

[Event "POL-chT Ekstraliga 2018"]
[Site "Gorzow"]
[Date "2018.06.10"]
[Round "3"]
[White "Navara, David"]
[Black "Piesik, Piotr"]
[Result "*"]
[WhiteElo "2727"]
[BlackElo "2353"]
[Annotator "TA"]
[PlyCount "47"]
[EventDate "2018.06.08"]
[EventType "team-tourn"]
[EventCountry "POL"]
[SourceTitle "playchess.com"]
[Source "ChessBase"]
[SourceQuality "1"]

{[%evp 22,23,25,20]} 1. e4 e6 2. d4 d5 3. Nd2 Nf6 4. e5 Nfd7 5. c3 c5 6. Bd3 Nc6 7. Ne2 cxd4 8. cxd4 f6 9. exf6 Nxf6 10. Nf3 Bd6 11. O-O O-O 12. Bf4 {LiveBook: 928 Games} {Predecessor:} Bxf4 $146 13. Nxf4 Ne4 14. Ne2 Rxf3 15. gxf3 Ng5 16. Kh1 e5 17. Qb3 Qf6 18. Be4 Ne7 19. Nc3 Nxe4 20. Nxe4 Qf4 21. dxe5 Bd7 22. Rg1 Qxe5 23. Rae1 Bc6 24. Ng5 {1-0 (43) Safarli,E (2668)-Volkov,S (2617) Nakhchivan 2017} *

[Event "POL-chT Ekstraliga 2018"]
[Site "Gorzow"]
[Date "2018.06.10"]
[Round "3"]
[White "Krasenkow, Michal"]
[Black "Matuszewski, Michal"]
[Result "1/2-1/2"]
[WhiteElo "2631"]
[BlackElo "2505"]
[Annotator "TA"]
[PlyCount "97"]
[EventDate "2018.06.08"]
[EventType "team-tourn"]
[EventCountry "POL"]
[SourceTitle "playchess.com"]
[Source "ChessBase"]
[SourceQuality "1"]

{[%evp 27,97,45,35,36,52,57,57,63,71,43,44,27,55,60,66,67,61,0,36,0,0,0,0,0,0,0,0,0,0,0,9,9,12,0,0,0,0,0,0,0,0,0,0,0,0,0,0,0,0,0,0,0,0,0,0,0,0,0,0,0,0,0,0,0,0,0,0,0,0,0,0,0]} 1. Nf3 c5 2. c4 Nc6 3. d4 cxd4 4. Nxd4 Nf6 5. Nc3 g6 6. e4 d6 7. Be2 Bg7 8. Be3 O-O 9. O-O Bd7 10. f4 Nxd4 11. Bxd4 Bc6 12. Bf3 Nd7 13. Bxg7 {B38: Sicilian: Maroczy Bind with 5...Bg7 and 7...0-0} Kxg7 14. Kh1 (14. Qd2 a5 15. Rad1 Qb6+ 16. Kh1 Rfd8 17. Nd5 Bxd5 18. exd5 Rac8 19. b3 a4 20. Qc3+ Kg8 {1-0 (31) Shirov,A (2714)-Leon Hoyos,M (2548) Khanty-Mansiysk 2011}) 14... Qb6 {LiveBook: 3 Games} 15. Qe2 {White is slightly better.} f6 $146 ({Predecessor:} 15... Rfe8 16. e5 Bxf3 17. Rxf3 Rac8 18. e6 fxe6 19. Qxe6 Nc5 20. Qe2 e6 21. Qd2 Rcd8 22. Re1 Kg8 23. Rfe3 a5 24. Nd5 {1-0 (24) Vezzosi,P (2332)-Bonade,M (2116) Bergamo 2017}) 16. Nd5 Bxd5 17. exd5 Rfe8 18. b3 a5 19. Qb2 Nc5 20. Rab1 Nd3 21. Qd2 Nc5 $1 22. Qb2 Nd3 23. Qe2 (23. Qc2 $5 {[%cal Rc2d3]} Nxf4 24. Qe4 $14) 23... Nxf4 {The position is equal.} 24. Qe4 e5 $1 25. dxe6 $1 Nxe6 26. Qxb7+ Qxb7 27. Bxb7 Ra7 28. Bc6 Rc8 29. Bd5 Nc5 30. a3 Re7 31. b4 axb4 32. axb4 Na4 33. Rbe1 Rxe1 34. Rxe1 $11 {[%mdl 4096] Endgame KRB-KRN} Nc3 35. Re7+ Kh6 36. Be6 Rb8 $1 {[%cal Rb8b4]} 37. h4 ({Much worse is} 37. b5 d5 $17) 37... Rxb4 38. Bg8 {[%csl Gg8][%cal Re7h7] [#]} Kh5 39. Rxh7+ Kg4 {( -> ...Kg3)} 40. Kh2 Ne2 41. Bd5 {Hoping for Bf3+.} Nf4 42. Bf3+ Kf5 43. Re7 {[%csl Gf3][%cal Rg2g4] [#]} Rb2 44. Re1 g5 45. Be4+ Kg4 46. hxg5 Kxg5 47. Rd1 Rb6 48. Ra1 Ng6 49. Bxg6 {Precision: White = 81%, Black = 78%.} 1/2-1/2

[Event "POL-chT Ekstraliga 2018"]
[Site "Gorzow"]
[Date "2018.06.10"]
[Round "3"]
[White "Krasenkow, Michal"]
[Black "Matuszewski, Michal"]
[Result "*"]
[WhiteElo "2631"]
[BlackElo "2505"]
[Annotator "TA"]
[PlyCount "28"]
[EventDate "2018.06.08"]
[EventType "team-tourn"]
[EventCountry "POL"]
[SourceTitle "playchess.com"]
[Source "ChessBase"]
[SourceQuality "1"]

{[%evp 3,3,19]} 1. Nf3 c5 2. c4 {Predecessor:} Nc6 $146 3. Nc3 g6 4. g3 Bg7 5. Bg2 d6 6. O-O Bf5 7. h3 Qd7 8. Kh2 Nf6 9. d3 h6 10. e4 Be6 11. Be3 g5 12. Ng1 g4 13. h4 O-O 14. Nge2 Qd8 {0-1 (55) Caruana,F (2822)-So,W (2778) Stavanger 2018} *

[Event "POL-chT Ekstraliga 2018"]
[Site "Gorzow"]
[Date "2018.06.10"]
[Round "3"]
[White "Tomczak, Jacek"]
[Black "Mista, Aleksander"]
[Result "*"]
[WhiteElo "2598"]
[BlackElo "2599"]
[Annotator "TA"]
[PlyCount "39"]
[EventDate "2018.06.08"]
[EventType "team-tourn"]
[EventCountry "POL"]
[SourceTitle "playchess.com"]
[Source "ChessBase"]
[SourceQuality "1"]

{[%evp 17,18,0,15]} 1. e4 c5 2. Nf3 d6 3. d4 cxd4 4. Nxd4 Nf6 5. Nc3 g6 6. Be3 Bg7 7. f3 Nc6 8. Qd2 O-O 9. Nb3 Be6 {LiveBook: 6 Games} {Predecessor:} 10. Rd1 $146 a6 11. Bh6 Rc8 12. h4 Ne5 13. Bxg7 Kxg7 14. h5 Nxh5 15. Nd4 Kh8 16. Qh6 Rg8 17. Be2 Nf6 18. f4 Neg4 19. Nxe6 fxe6 20. Bxg4 {1-0 (20) Dardha,A (2339)-Nieuwenhuis,P (2243) Netherlands 2016} *

[Event "POL-chT Ekstraliga 2018"]
[Site "Gorzow"]
[Date "2018.06.10"]
[Round "3"]
[White "Tomczak, Jacek"]
[Black "Mista, Aleksander"]
[Result "1-0"]
[WhiteElo "2598"]
[BlackElo "2599"]
[Annotator "TA"]
[PlyCount "77"]
[EventDate "2018.06.08"]
[EventType "team-tourn"]
[EventCountry "POL"]
[SourceTitle "playchess.com"]
[Source "ChessBase"]
[SourceQuality "1"]

{[%evp 17,77,21,14,12,73,62,61,67,73,100,99,90,106,104,100,113,98,80,51,70,89,43,68,74,82,77,83,77,73,79,125,117,137,159,181,181,281,284,361,383,492,485,580,538,485,241,244,250,239,243,352,341,414,406,425,421,752,743,12837,12838,12842,12843]} 1. e4 c5 2. Nf3 d6 3. d4 cxd4 4. Nxd4 Nf6 5. Nc3 g6 6. Be3 Bg7 7. f3 Nc6 8. Qd2 O-O 9. Nb3 Be6 10. O-O-O {B76: Sicilian Dragon: Yugoslav Attack, 9 g4 and 9 0-0-0} a5 (10... a6 $11 {keeps the balance.}) 11. a4 Rc8 12. Kb1 {White is slightly better.} Ne5 $146 ({Predecessor:} 12... Bxb3 13. cxb3 Nd7 14. Bh6 Nc5 15. Bc4 Ne5 16. h4 Nxc4 17. bxc4 {1-0 (42) Ortiz Suarez,I (2390)-De Nacimiento Montano,A (1992) Collado Villalba 2007}) 13. Nd4 Bc4 14. b3 Bxf1 15. Rhxf1 Nc6 16. Ndb5 Nb4 17. Rc1 d5 18. e5 Ne8 19. f4 f6 20. Bd4 e6 21. Qe3 fxe5 22. fxe5 Rxf1 23. Rxf1 Qd7 24. h4 Nc6 25. Ne2 Nxd4 26. Nexd4 ({Don't play} 26. Nbxd4 $6 Qc7 $14) 26... Bf8 (26... b6 $142 27. Nf3 d4 28. Qxd4 (28. Nbxd4 Nc7 $16) (28. Nfxd4 Rc5 $16) 28... Qxd4 29. Nbxd4 Nc7) 27. Qf4 $18 {[%csl Gf1][%cal Rf4f8] [#]} Ng7 28. g4 Bc5 29. Nd6 Bxd6 30. exd6 Rd8 31. h5 (31. Nb5 $142 Rc8 32. Qf6) 31... e5 32. Qxe5 Qxd6 33. Qe1 {Strongly threatening h6.} Re8 (33... gxh5 {was worth a try.} 34. gxh5 Rf8 35. Rxf8+ Kxf8 36. Qxa5 Ne8) 34. Qxa5 gxh5 35. gxh5 Qe5 36. Qb6 {White is clearly winning.} Nxh5 (36... h6 $142 37. Nb5 Re7 38. Qxh6 Re6) 37. Nf5 Kh8 38. Nd6 {[#] Intending Nf7+ and mate.} Qe6 39. Nxe8 {Precision: White = 82%, Black = 33%.} 1-0

[Event "POL-chT Ekstraliga 2018"]
[Site "Gorzow"]
[Date "2018.06.10"]
[Round "3"]
[White "Sadzikowski, Daniel"]
[Black "Cyborowski, Lukasz"]
[Result "1/2-1/2"]
[WhiteElo "2576"]
[BlackElo "2514"]
[Annotator "TA"]
[PlyCount "49"]
[EventDate "2018.06.08"]
[EventType "team-tourn"]
[EventCountry "POL"]
[SourceTitle "playchess.com"]
[Source "ChessBase"]
[SourceQuality "1"]

{[%evp 10,49,30,-1,5,0,19,27,27,16,31,18,32,4,14,5,34,22,38,43,32,37,39,40,38,24,38,27,51,14,45,10,14,0,13,7,31,0,12,0,31,0]} 1. e4 e5 2. Nf3 Nc6 3. Bb5 Nf6 4. d3 Bc5 5. Bxc6 dxc6 6. Nc3 {LiveBook: 24 Games} (6. O-O {is more complex.} Bd6 7. Bg5 h6 8. Bh4 O-O 9. Nbd2) 6... Bg4 {C48: Four Knights: 4 Bb5, replies other than 4...Bb4} (6... O-O 7. Be3 Bd6 8. Bg5 Re8 9. h3 c5 10. Nd5 Be7 11. Nxe7+ Qxe7 12. O-O h6 13. Be3 Nd7 14. Nd2 {1-0 (29) Carlsen,M (2837)-Karjakin,S (2760) Riadh 2017}) 7. h3 Bxf3 (7... Bh5 {keeps more tension.} 8. g4 Bg6 9. Be3 Bxe3 10. fxe3 Qe7) 8. Qxf3 Nd7 {White has an edge.} 9. Qg3 O-O $146 ({Predecessor:} 9... Qf6 10. Bd2 a6 11. Rf1 Qg6 12. Qxg6 hxg6 13. O-O-O O-O-O 14. f4 exf4 15. Bxf4 {0-1 (59) Psofimi,M (1395)-Douni,M (1589) Porto Rio 2015}) 10. Bd2 (10. O-O {feels hotter.} a5 11. Nd1 Qf6 12. Ne3 Qg6 13. Qf3) 10... Bd6 11. f4 (11. O-O {seems wilder.} a5 12. Nd1 Bb4 13. c3 Bc5 14. Ne3) 11... exf4 12. Bxf4 Nc5 {next ...Bxf4 is good for Black.} (12... Bxf4 {looks sharper.} 13. Qxf4 Nc5 14. O-O-O Ne6 15. Qg4 b5) 13. Bxd6 Qxd6 14. Qxd6 cxd6 15. Rf1 Ne6 16. Kd2 Rfd8 17. a4 {[%cal Ba2a4,Ba4a5][%mdl 32]} Rac8 18. a5 g6 19. Ra4 Kg7 20. Rb4 Rc7 21. Ra4 Nc5 22. Raa1 Ne6 23. Ra4 Nc5 24. Raa1 Ne6 25. Ra4 {Precision: White = 20%, Black = 47%.} 1/2-1/2

[Event "POL-chT Ekstraliga 2018"]
[Site "Gorzow"]
[Date "2018.06.10"]
[Round "3"]
[White "Sadzikowski, Daniel"]
[Black "Cyborowski, Lukasz"]
[Result "*"]
[WhiteElo "2576"]
[BlackElo "2514"]
[Annotator "TA"]
[PlyCount "26"]
[EventDate "2018.06.08"]
[EventType "team-tourn"]
[EventCountry "POL"]
[SourceTitle "playchess.com"]
[Source "ChessBase"]
[SourceQuality "1"]

{[%evp 8,8,31]} 1. e4 e5 2. Nf3 Nc6 3. Bb5 Nf6 4. d3 Bc5 {Vorgänger:} 5. Bxc6 $146 dxc6 6. Qe2 Qe7 7. Nbd2 Bg4 8. h3 Bh5 9. a3 Nd7 10. b4 Bb6 11. Nc4 a5 12. Rb1 axb4 13. axb4 Ra2 {0-1 (52) Carlsen,M (2843)-Aronian,L (2764) Stavanger 2018} *

[Event "POL-chT Ekstraliga 2018"]
[Site "Gorzow"]
[Date "2018.06.10"]
[Round "3"]
[White "Kempinski, Robert"]
[Black "Czarnota, Pawel"]
[Result "1/2-1/2"]
[WhiteElo "2575"]
[BlackElo "2546"]
[Annotator "TA"]
[PlyCount "60"]
[EventDate "2018.06.08"]
[EventType "team-tourn"]
[EventCountry "POL"]
[SourceTitle "playchess.com"]
[Source "ChessBase"]
[SourceQuality "1"]

{[%evp 29,60,-21,-22,-43,0,0,0,0,0,-11,-14,-25,-16,-11,-15,-33,0,0,0,0,0,-5,0,0,0,-6,0,0,0,0,0,0,0]} 1. Nf3 Nf6 2. d4 e6 3. c4 d5 4. Nc3 dxc4 5. e3 a6 6. Bxc4 b5 7. Bb3 c5 8. O-O Bb7 9. Qe2 Nbd7 10. Rd1 Qc7 11. d5 exd5 {D29: Angenommenes Damengambit (Hauptvariante 7.De2 nebst Sbd7)} 12. Nxd5 Nxd5 13. Bxd5 Bxd5 14. Rxd5 Be7 15. e4 O-O {LiveBook: 18 Partien} 16. Bf4 Qxf4 17. Rxd7 Rfe8 18. a4 {[#]} Bf8 $146 ({Vorgänger:} 18... Qg4 19. Rad1 {½-½ (47) Markos,J (2566)-Melkumyan,H (2614) Plovdiv 2010}) 19. e5 Qf5 20. Rd5 Qg6 21. g3 Qc6 22. Rad1 bxa4 23. Ng5 $1 {[%cal Bf3g5,Bg5e4,Be4d6][%mdl 32] Die Stellung ist ausgeglichen.} h6 24. Ne4 Rab8 25. Qc2 $1 c4 26. Nd6 $1 {[%cal Rd6e8]} Red8 27. R5d4 Qc5 28. Rd5 Qc6 29. R5d4 Qc5 30. Rd5 Qc6 {Precision: Weiß = 93%, Schwarz = 69%.} 1/2-1/2

[Event "POL-chT Ekstraliga 2018"]
[Site "Gorzow"]
[Date "2018.06.10"]
[Round "3"]
[White "Kempinski, Robert"]
[Black "Czarnota, Pawel"]
[Result "*"]
[WhiteElo "2575"]
[BlackElo "2546"]
[Annotator "TA"]
[PlyCount "27"]
[EventDate "2018.06.08"]
[EventType "team-tourn"]
[EventCountry "POL"]
[SourceTitle "playchess.com"]
[Source "ChessBase"]
[SourceQuality "1"]

{[%evp 9,9,13]} 1. Nf3 Nf6 2. d4 e6 3. c4 d5 4. Nc3 dxc4 5. e3 {Predecessor:} a6 $146 6. a4 b6 7. Bxc4 Bb7 8. O-O Bb4 9. Qe2 O-O 10. Rd1 Qe7 11. Na2 Bd6 12. Nc3 Bb4 13. Na2 Bd6 14. Nc3 {½-½ (14) Mamedyarov,S (2799)-Grischuk,A (2772) Huaian 2017} *

[Event "POL-chT Ekstraliga 2018"]
[Site "Gorzow"]
[Date "2018.06.10"]
[Round "3"]
[White "Heberla, Bartlomiej"]
[Black "Druska, Juraj"]
[Result "0-1"]
[WhiteElo "2569"]
[BlackElo "2439"]
[Annotator "TA"]
[PlyCount "54"]
[EventDate "2018.06.08"]
[EventType "team-tourn"]
[EventCountry "POL"]
[SourceTitle "playchess.com"]
[Source "ChessBase"]
[SourceQuality "1"]

{[%evp 11,54,19,31,8,18,-26,-22,-26,0,-29,-22,-33,-25,-34,-35,-37,-21,0,0,-31,-29,-112,-102,-151,-163,-179,-145,-319,-302,-323,-215,-220,-218,-575,-547,-808,-727,-2147,-1980,-29995,-29988,-29988,-5461,-2024,-5461]} 1. e4 c5 2. Nf3 d6 3. d4 cxd4 4. Nxd4 Nf6 5. Nc3 g6 6. Be2 Bg7 7. Nb3 {B70: Sicilian Dragon: 6 g3 and 6 Be2 (without a later Be3)} (7. O-O O-O 8. Bg5 Nc6 9. Nb3 Be6 10. Re1 Rc8 11. Bf1 h6 12. Bf4 d5 13. exd5 Nxd5 14. Nxd5 Bxd5 15. c3 e5 16. Be3 b6 17. Qc1 Qh4 18. f3 Rfd8 {0-1 (52) Andriasian,Z (2585)-Nakamura,H (2781) chess.com INT 2018}) 7... O-O 8. g4 Nc6 {[%cal Bb8c6,Bc6e5,Be5d3][%mdl 32]} 9. g5 {The position is equal.} Nd7 10. Be3 Nb6 11. h4 Be6 12. Nd4 d5 $146 ({Predecessor:} 12... Nc4 13. Nxe6 Nxb2 14. Nxd8 Bxc3+ {1-0 (25) Pereira,A (1999)-Takiguchi,A (1637) Sao Paulo 2012}) 13. Qd2 Ne5 {aiming for ...Nbc4.} 14. b3 dxe4 15. O-O-O Bf5 16. Qe1 (16. a4 $11) 16... Qc8 $17 17. Kb1 {[#]} Rd8 $1 18. h5 Nd3 19. Nxf5 $2 (19. cxd3 $17 {was forced.} exd3 20. Bxd3 (20. Nxf5 $2 Qxf5 21. Bg4 Qxg4 $19) 20... Bxd4 21. Bxd4 Rxd4 22. Bxf5 Qxf5+ 23. Ka1 Rxd1+ 24. Qxd1) 19... Qxf5 $19 ({Weaker is} 19... gxf5 20. cxd3 Bxc3 21. Qf1 $17) 20. Qd2 Nd5 21. Nxd5 Rxd5 22. cxd3 $2 (22. h6 {is tougher.} Bh8 23. Bxd3 (23. cxd3 $2 exd3 24. Qxd3 Rxd3 $19)) 22... exd3 23. Bxd3 Qe5 {( -> ...Qa1+)} 24. Rc1 {[#]} Rxd3 $1 {[%mdl 512]} 25. Qe2 (25. Qxd3 Qb2#) 25... Qa1+ 26. Kc2 Qb2+ (26... Rc3+ $142 27. Kd1 Rd8+ 28. Qd3 Rdxd3+ 29. Ke2 Qb2+ 30. Kf3 Rxc1 31. Rxc1 Qxc1 32. Ke4 Qb1 33. hxg6 Rd4+ 34. Kf3 Qd1+ 35. Kg3 Rg4+ 36. Kh3 Qf3+ 37. Kh2 Qg2#) 27. Kxd3 Rd8+ {Precision: White = 18%, Black = 78%.} 0-1

[Event "POL-chT Ekstraliga 2018"]
[Site "Gorzow"]
[Date "2018.06.10"]
[Round "3"]
[White "Heberla, Bartlomiej"]
[Black "Druska, Juraj"]
[Result "*"]
[WhiteElo "2569"]
[BlackElo "2439"]
[Annotator "TA"]
[PlyCount "36"]
[EventDate "2018.06.08"]
[EventType "team-tourn"]
[EventCountry "POL"]
[SourceTitle "playchess.com"]
[Source "ChessBase"]
[SourceQuality "1"]

{[%evp 11,12,33,28]} 1. e4 c5 2. Nf3 d6 3. d4 cxd4 4. Nxd4 Nf6 5. Nc3 g6 6. Be2 Bg7 {Predecessor:} 7. O-O $146 O-O 8. Bg5 Nc6 9. Nb3 Be6 10. Re1 Rc8 11. Bf1 h6 12. Bf4 d5 13. exd5 Nxd5 14. Nxd5 Bxd5 15. c3 e5 16. Be3 b6 17. Qc1 Qh4 18. f3 Rfd8 {0-1 (52) Andriasian,Z (2585)-Nakamura,H (2781) chess.com INT 2018} *

[Event "POL-chT Ekstraliga 2018"]
[Site "Gorzow"]
[Date "2018.06.10"]
[Round "3"]
[White "Plat, Vojtech"]
[Black "Brodowski, Piotr"]
[Result "*"]
[WhiteElo "2551"]
[BlackElo "2437"]
[Annotator "TA"]
[PlyCount "28"]
[EventDate "2018.06.08"]
[EventType "team-tourn"]
[EventCountry "POL"]
[SourceTitle "playchess.com"]
[Source "ChessBase"]
[SourceQuality "1"]

{[%evp 9,10,-29,17]} 1. d4 Nf6 2. Nf3 c5 3. c3 b6 4. g3 Bb7 5. Bg2 g6 {LiveBook: 75 Games} {Predecessor:} 6. O-O $146 Bg7 7. Bg5 d6 8. Nbd2 Nbd7 9. Re1 O-O 10. e4 cxd4 11. cxd4 h6 12. Bxf6 Nxf6 13. Qb3 e6 14. a4 Rb8 {½-½ (53) Aleksandrov,A (2614)-Markowski,T (2584) Warsaw 2007} *

[Event "POL-chT Ekstraliga 2018"]
[Site "Gorzow"]
[Date "2018.06.10"]
[Round "3"]
[White "Plat, Vojtech"]
[Black "Brodowski, Piotr"]
[Result "1/2-1/2"]
[WhiteElo "2551"]
[BlackElo "2437"]
[Annotator "TA"]
[PlyCount "138"]
[EventDate "2018.06.08"]
[EventType "team-tourn"]
[EventCountry "POL"]
[SourceTitle "playchess.com"]
[Source "ChessBase"]
[SourceQuality "1"]

{[%evp 12,138,16,13,17,43,44,54,78,26,25,18,39,17,63,41,135,133,137,128,119,123,125,113,108,102,102,96,111,102,123,119,115,118,124,124,139,145,140,143,143,143,140,140,296,283,292,264,263,260,246,273,272,285,309,284,283,279,265,178,264,264,264,272,227,52,52,52,52,52,52,52,52,52,52,52,52,16,52,16,52,52,52,52,52,52,52,52,52,52,52,52,52,0,0,0,52,52,52,52,52,52,52,52,52,8,8,8,8,0,0,0,8,0,0,0,0,0,0,0,0,0,0,0,0,0,0,0,0]} 1. d4 Nf6 2. Nf3 c5 3. c3 b6 4. g3 Bb7 5. Bg2 g6 6. Qb3 {A46: 1 d4 Nf6 2 Nf3 e6: Torre, London and Colle Systems} (6. O-O Bg7 7. dxc5 bxc5 8. Qb3 Qb6 9. Ne5 Qxb3 10. axb3 Bxg2 11. Kxg2 O-O 12. Nd2 d6 13. Nd3 Nc6 14. Ra6 Rfc8 {0-1 (48) Khenkin,I (2554)-Vachier Lagrave,M (2789) Riadh 2017}) 6... Qc8 7. O-O {LiveBook: 5 Games} d5 $146 ({Predecessor:} 7... Bg7 8. dxc5 Qxc5 9. Be3 Qc8 10. c4 Nc6 {0-1 (39) Jussupow,A (2581)-Tregubov,P (2606) Bern 2014}) 8. dxc5 Qxc5 9. Be3 Qc8 10. Nbd2 (10. Rc1 $16) 10... Bg7 $11 11. c4 O-O 12. Rac1 dxc4 13. Nxc4 {[%cal Bd2c4,Bc4e5,Be5c6][%mdl 32]} Nc6 (13... Qe8 $14) 14. Nfe5 $1 $16 {[%cal Re5c6]} Nxe5 15. Nxe5 Qb8 16. Nc6 $1 {[%cal Rc6b8]} Qe8 17. Qa3 Kh8 18. Bd4 e5 19. Nxe5 Bxg2 20. Kxg2 Ng4 21. Nf3 Bxd4 22. Nxd4 Qe4+ 23. Nf3 Qxe2 24. Qc3+ $1 f6 25. Rce1 Qb5 26. Re7 $1 Rac8 27. Qd4 $40 {[%mdl 128] White attacks with force.} Rc4 $2 {[#]} (27... Nh6 $16 28. Qh4 (28. Rxa7 Nf5 $16) 28... Rf7) 28. Qd6 $1 $18 Qc6 29. Qxc6 Rxc6 {[#]} 30. Rd1 $1 {[%cal Rd1d7] Threatens to win with Rdd7.} ({Not} 30. Rxa7 Rc2 $14) 30... f5 31. Rdd7 (31. Rxa7 $6 Rc2 $16) 31... Nf6 32. Rxa7 Rc2 33. Ng5 Re8 {intending ...Rxe7.} 34. Rf7 ({Don't do} 34. Rxe8+ Nxe8 35. Ra8 Re2 $18) 34... Ng4 35. Nh3 Rxb2 (35... h6 {is a better defense.} 36. Rh7+ Kg8) 36. Rxh7+ Kg8 37. Rhg7+ Kh8 38. Rxg6 $2 (38. Rgb7 $18) 38... Nxf2 $1 $14 39. Nxf2 Ree2 40. Rd6 {Intending Rd8+ and mate.} ({Much less strong is} 40. Rh6+ $6 Kg8 $16) 40... Rxf2+ {[%mdl 4096] Endgame KRR-KRR} 41. Kg1 {[%cal Rd6d8]} Rg2+ 42. Kf1 {[%cal Rd6d8]} Rgd2 43. Rxd2 Rxd2 {KR-KR} 44. Kg1 (44. h4 {keeps more tension.} Kg8 45. Ra4 Kg7 46. Rf4 Kg6 47. a4) 44... Kg8 45. a4 Ra2 46. Ra6 Kg7 47. h4 Rb2 48. Ra7+ Kg6 49. Rb7 Rb4 50. Kg2 Rb2+ 51. Kh3 {Strongly threatening a5!} Rb4 52. Rc7 ({Better is} 52. Rb8 $14) 52... Rxa4 $11 53. Rc6+ Kh5 (53... Kg7 $11) 54. Rxb6 Ra2 55. Rb8 Rf2 56. Rb4 Kg6 57. Rb6+ Kg7 58. h5 {Threatening Rg6+.} Re2 {The position is equal.} 59. Rg6+ Kf7 60. Kh4 {aiming for Kg5.} Re3 61. Ra6 Kg7 62. Ra1 Re4+ 63. Kg5 Rg4+ 64. Kxf5 Rxg3 65. Ra6 Kh7 66. Rf6 Rf3+ 67. Kg5 Rxf6 68. Kxf6 Kh6 69. Ke5 Kxh5 {Precision: White = 64%, Black = 71%.} 1/2-1/2

[Event "POL-chT Ekstraliga 2018"]
[Site "Gorzow"]
[Date "2018.06.10"]
[Round "3"]
[White "Bulski, Krzysztof"]
[Black "Tomaszewski, Roman"]
[Result "1-0"]
[WhiteElo "2535"]
[BlackElo "2265"]
[Annotator "TA"]
[PlyCount "48"]
[EventDate "2018.06.08"]
[EventType "team-tourn"]
[EventCountry "POL"]
[SourceTitle "playchess.com"]
[Source "ChessBase"]
[SourceQuality "1"]

{[%evp 22,48,8,9,29,16,38,46,46,43,59,41,87,44,68,64,87,53,124,72,96,100,114,110,238,245,246,240,514]} 1. c4 Nf6 2. Nc3 c5 3. g3 Nc6 4. Bg2 g6 5. Nh3 Bg7 6. O-O O-O 7. Nf4 d6 8. a3 a5 9. Rb1 Rb8 10. d3 Bd7 11. Bd2 {A36: Symmetrical English vs ...g6: 4 Bg2 Bg7} Ne8 12. Nb5 {LiveBook: 5 Games} Nd4 (12... Nc7 13. Nxc7 Qxc7 14. b4 axb4 15. axb4 Nxb4 16. Bxb4 cxb4 17. Nd5 Qd8 18. Nxb4 b5 19. cxb5 Rxb5 20. Nc6 Rxb1 21. Qxb1 Bxc6 22. Bxc6 Qc7 23. Qb7 Qxb7 24. Bxb7 Rb8 {½-½ (24) Predojevic,B (2621)-Parligras,M (2587) Kragujevac 2015}) 13. Nxd4 {White has an edge.} Bxd4 $146 ({Predecessor:} 13... cxd4 14. b4 axb4 15. Rxb4 Bc6 16. Qb3 Nc7 17. Rb1 Na6 18. Rb6 Nc5 {0-1 (73) Forsberg,V (2153)-Gligoric,S (2454) Stockholm 2003}) 14. b4 axb4 15. axb4 b6 16. Qb3 Ng7 17. Qa2 e6 18. e3 $36 {[%mdl 2048] White has good play.} Be5 19. Qa7 Bxf4 ({Black should try} 19... Nf5 $14) 20. gxf4 (20. exf4 $142 f6 21. Bc3) 20... Nf5 {[#]} 21. bxc5 $1 dxc5 22. Bc3 b5 {[#]} (22... f6 $16) 23. Be5 $1 $18 {[%cal Re5b8]} ({Don't take} 23. Qxc5 $6 Rc8 $16) 23... Rc8 24. cxb5 {Black must now prevent b6.} Nh4 $2 {Precision: White = 59%, Black = 17%.} (24... f6 {might work better.}) 1-0